000 00382 a2200157 4500
001 186011
020 _a85-7666-329-5
040 _cMagnum
100 _aMaluhy, Suzana
240 1 0 _aCiências 6ª série link da ciência
_lpor
245 1 0 _aCiências 6ª série link da ciência
300 _a
440 1 _aEscala Educacional
697 _aCIÊNCIAS AMBIENTAIS
942 _cBK
999 _c186011
_d186011